LEADER 01077nam a2200265 i 4500 001 991001361119707536 005 20020507124855.0 008 010620s|||| it ||| | ita 020 $a8824417884 035 $ab10209992-39ule_inst 035 $aLE02984507$9ExL 040 $aISUFI - Sett. Diritti e Politiche Euromediterranee$bita 082 0 $a348.023 110 1 $aUnione Europea$0361259 245 10$aCodice costituzionale dell'Unione europea :$btrattati istitutivi dell'Unione europea e della Comunità europea, Testi collegati /$ca cura di Carlo Curti Gialdino 260 $aNapoli :$bEdizioni giuridiche Simone,$c2000 300 $a1168 p. ;$c21 cm 651 4$aUnione Europea$xCostituzione 700 1 $aCurti Gialdino, Carlo 907 $a.b10209992$b02-04-14$c27-06-02 912 $a991001361119707536 945 $aLE029 348.023 CUR01.10$g1$iLE029-2576$lle029$o-$pE0.00$q-$rn$so $t0$u0$v0$w0$x0$y.i10258528$z27-06-02 996 $aCodice costituzionale dell'Unione europea$9191760 997 $aUNISALENTO 998 $ale029$b01-01-01$cm$da $e-$fita$git $h0$i1 LEADER 02018nam0 2200409 i 450 001 RMG0034150 005 20251003044337.0 010 $a8823806577 020 $aIT$b2001-6925 100 $a20080125d2000 ||||0itac50 ba 101 | $aita 102 $ait 181 1$6z01$ai $bxxxe 182 1$6z01$an 200 1 $aˆLa ‰riforma delle autonomie locali$edal sistema all'azienda$fGiovanni Valotti$gprefazione di Elio Borgonovi 210 $aMilano$cEGEA$d[2000] 215 $a295 p.$d24 cm. 225 | $aPubblica amministrazione 410 0$1001CFI0464898$12001 $aPubblica amministrazione 606 $aEnti locali$xAutonomia$2FIR$3SBLC141038$9I 606 $aAutonomia locale$xRiforma$2FIR$3CFIC103242$9I 676 $a342.09$9$v21 676 $a352$9Considerazioni generali di amministrazione pubblica$v14 676 $a352.140945$9AMMINISTRAZIONE LOCALE. ITALIA$v21 686 $aI E 1$cDIRITTO PUBBLICO - Diritto amministrativo - Autonomie locali$2BGG 696 $aRiforma protestante 699 $aRiforma$yRiforma protestante 700 1$aValotti$b, Giovanni$3BVEV019504$4070$0116039 801 3$aIT$bIT-000000$c20080125 850 $aIT-BN0095 $aIT-AV0007 901 $bNAP AV$cSEZ. M $nSezione Moderna 901 $bNAP 01$cPOZZO LIB.$nVi sono collocati fondi di economia, periodici di ingegneria e scienze, periodici di economia e statistica e altri fondi comprendenti documenti di economia pervenuti in dono. 912 $aRMG0034150 950 0$aBiblioteca Centralizzata di Ateneo$c1 v. in due copie$d 01POZZO LIB.ECON MON 99$e 0101 0000058145E VMA 1 v. (Precedente collocazione DASES 0927)$fB $h20090429$i20090429$c1 v. in due copie$d 01POZZO LIB.ECON MON 99$e 01AR 0700301135E VMA (bis 1 v. (2. copia; Precedente collocazione 30 EC 113 (AR)$fB $h20140728$i20140728 977 $a 01$a AV 996 $aRiforma delle autonomie locali$966769 997 $aUNISANNIO